| 000 | 00678nam a2200229Ia 4500 | ||
|---|---|---|---|
| 003 | OSt | ||
| 005 | 20220925204756.0 | ||
| 006 | a|||||r|||| 00| 0 | ||
| 007 | ta | ||
| 008 | 220923b |||||||| |||| 00| 0 eng d | ||
| 037 | _cGeneral Book | ||
| 040 |
_aRTL _cRTL _beng |
||
| 041 |
_2eng _aeng |
||
| 082 | _aSigma.292.N7, L9 | ||
| 100 |
_aMukundan T K _9149511 |
||
| 245 | 0 |
_aLaksha Dweep _b A hundred thousand islands |
|
| 260 |
_aGurgaon _bAcademic Press _c1979 |
||
| 300 |
_axviii,225p. Bib p. 217-8 Appendix p. 201-16 _ccm. |
||
| 650 | _aSocial Sciences | ||
| 942 |
_hSigma.292.N7, L9 _cGB _2CC |
||
| 999 |
_c550375 _d550375 |
||